महिला चिकित्सा की दृष्टि में / (Record no. 67691)
[ view plain ]
| 000 -LEADER | |
|---|---|
| fixed length control field | 01017nam a22002057a 4500 |
| 005 - DATE AND TIME OF LATEST TRANSACTION | |
| control field | 20120608114151.0 |
| 020 ## - INTERNATIONAL STANDARD BOOK NUMBER | |
| Terms of availability | 150.00 |
| International Standard Book Number | |
| 035 ## - SYSTEM CONTROL NUMBER | |
| System control number | B-73774 |
| 037 ## - SOURCE OF ACQUISITION | |
| Source of stock number/acquisition | PUB |
| 082 ## - DEWEY DECIMAL CLASSIFICATION NUMBER | |
| Classification number | 613.4244 |
| 100 ## - MAIN ENTRY--PERSONAL NAME | |
| Personal name | वासंती रामचंद्रन |
| 245 ## - TITLE STATEMENT | |
| Title | महिला चिकित्सा की दृष्टि में / |
| Statement of responsibility, etc | वासंती रामचंद्रन |
| 260 ## - PUBLICATION, DISTRIBUTION, ETC. (IMPRINT) | |
| Place of publication, distribution, etc | नई दिल्ली |
| Name of publisher, distributor, etc | सत्वाधिकार |
| Date of publication, distribution, etc | 2002 |
| 300 ## - PHYSICAL DESCRIPTION | |
| Extent | 280पृ |
| Dimensions | 22सेमी (अजिल्द) |
| Other physical details | |
| 500 ## - GENERAL NOTE | |
| General note | |
| 700 ## - ADDED ENTRY--PERSONAL NAME | |
| Personal name | |
| 9 (RLIN) | 17926 |
| 942 ## - ADDED ENTRY ELEMENTS (KOHA) | |
| Source of classification or shelving scheme | Dewey Decimal Classification |
| Item type | Hindi Books |
| Classification part | 613.4244 |
| Call number suffix | वासंती |
| Withdrawn status | Lost status | Not for loan | Collection code | Home library | Current library | Date acquired | Cost, normal purchase price | Full call number | Barcode | Cost, replacement price | Koha item type |
|---|---|---|---|---|---|---|---|---|---|---|---|
| Non-fiction | Sarojini Nagar | Sarojini Nagar | 08/06/2012 | 150.00 | 613.4244 वासंती | B-73774 | 150.00 | Hindi Books |
